000 00530nam a2200169 i 4500
001 144152
003 ES-MaACL
005 20230906200944.0
007 t|
008 070214s1932 fr r ||||1| fre d
100 1 _aSieburg, Friedrich.
_9106217
245 1 0 _aSur un brise-glace sovietique /
_cFriedrich Sieburg ; traduit de l'allemand par Pierre Klossowski.
260 _aParis :
_bBernard Grasset,
_c1932 (
_fImp. Moderne)
300 _a238 p. ;
_c21 cm.
700 1 _aKlossowski, Pierre.
_968294
852 _aES-MaACL
_jA-2880
999 _c144152
_d144152